000 00444nam a22001817a 4500
005 20230905185452.0
008 230719b |||||||| |||| 00| 0 eng d
020 _a9780300169744
082 _a759.951
_bBoa-C
100 _aBaoshi,Fu
245 _aChinese Art an Age Of Revolution
260 _aChaina
_bAndrew W.Melllon
_c2011
300 _a241
500 _ainclude index
650 _aArchitecture
700 _aFu Baoshi
999 _c33060
_d33060